00357nam a22001457a 4500003000700000005001700007008004100024082001900065100003500084245002800119250001100147260002800158300000800186650001700194MPLRDC20220104123327.0210129b ||||| |||| 00| 0 eng d a312.9 FJB 1985 a费京堡、玛考黛克合著 a第五代c尉誊蛟译 a初版 ab长河出版社c1983 b平 a电脑科学